000 00945cam a22002174a 4500
999 _c57906
_d57906
001 16746327
005 20221114152058.0
008 110422s2011 enka b 001 0 eng
020 _a9780754679844x
080 _a32 E-91
245 0 0 _aEurope in the world :
_bEU geopolitics and the making of European space /
_cedited by Luiza Bialasiewicz.
264 _aBurlington, VT :
_bAshgate,
_c2011.
300 _ax, 226 p. :
_bill. ;
_c24 cm.
490 1 _aCritical geopolitics
653 _aEurope in the World: EU Geopolitics and the Making of European Space
653 _aევროპა მსოფლიოში: ევროკავშირის გეოპოლიტიკა და ევროპული სივრცის დამზადება
653 _aCritical Geopolitics
700 1 _aBialasiewicz, Luiza.
_910890
_eრედაქტორი
830 0 _aCritical geopolitics.
_910891
942 _2udc
_cBK